Science Quiz

Random Science Quiz
Score 0/8 Timer 10:00
0 Plays Today
Hint Answer % Correct
1Self sufficiency in growth signals
82.4%
3Evade apoptosis
70.6%
6Tissue invasion and metastasis
70.6%
5Sustained angiogenesis
64.7%
4Limitless replication
58.8%
7Avoid Immune Destruction
58.8%
2Insensitivity to anti-proliferative signals
47.1%
8Deregulation of cellular energetics
47.1%
Remove Ads.
Support Sporcle.
Get the best of Sporcle when you Go Orange. This ad-free experience offers more features, more stats, and more fun while also helping to support Sporcle. Thank you for becoming a member.

You're not logged in!

Compare scores with friends on all Sporcle quizzes.
OR
Log In

Show Comments

Extras

Created Oct 9, 2013ReportNominate
Tags:Cancer, hallmark

Top Quizzes Today


Score Distribution

Your Account Isn't Verified!

In order to create a playlist on Sporcle, you need to verify the email address you used during registration. Go to your Sporcle Settings to finish the process.

Report this User

Report this user for behavior that violates our Community Guidelines.

Details: